Lecturas de árabe vulgar (Record no. 90865)

MARC details
000 -LEADER
campo de control de longitud fija 00739nam a2200181 i 4500
001 - NÚMERO DE CONTROL
campo de control 90865
003 - IDENTIFICADOR DE NÚMERO DE CONTROL
campo de control ES-MaACL
005 - FECHA Y HORA DE LA ÚLTIMA TRANSACCIÓN
campo de control 20230906180559.0
007 - CAMPO FIJO DE DESCRIPCIÓN FÍSICA--INFORMACIÓN GENERAL
campo de control de longitud fija t|
008 - DATOS DE LONGITUD FIJA--INFORMACIÓN GENERAL
campo de control de longitud fija 050125s1952 mr ||||1| spa d
245 00 - MENCIÓN DEL TÍTULO
Título Lecturas de árabe vulgar
Resto del título : selección de cuentos y refranes : contribución al conocimiento del idioma y folklore de Marruecos.
260 ## - PUBLICACIÓN, DISTRIBUCIÓN, ETC.
Lugar de publicación, distribución, etc. Tetuán :
Nombre del editor, distribuidor, etc. Instituto General Franco de Estudios e Investigación Hispano-Arabe,
Fecha de publicación, distribución, etc. 1952 (
Fabricante Cremades)
300 ## - DESCRIPCIÓN FÍSICA
Extensión 207 p. ;
Dimensiones 17 cm.
500 ## - NOTA GENERAL
Nota general Precede al tít.: José A. Martínez Drisien.
700 1# - ENTRADA AGREGADA--NOMBRE PERSONAL
Nombre de persona Martínez Drisien, José A.
9 (RLIN) 78064
710 2# - ENTRADA AGREGADA--NOMBRE DE ENTIDAD CORPORATIVA
Nombre de entidad corporativa o nombre de jurisdicción como elemento de entrada Instituto General Franco de Estudios e Investigación Hispano-Árabe.
9 (RLIN) 149197
852 ## - LOCALIZACIÓN
Ubicación ES-MaACL
Número de control de estantería C-10775
Sublocalización o colección R.38840
Holdings
Estatus retirado Estado de pérdida Estado de daño No para préstamo Biblioteca de origen Biblioteca actual Ubicación en estantería Fecha de adquisición Fuente de adquisición Total de préstamos Signatura topográfica completa Código de barras Visto por última vez Precio de reemplazo Tipo de ítem Koha
        Biblioteca del Ateneo de Madrid Biblioteca del Ateneo de Madrid Sala Palomar 17/01/2008     C-10775 1094871 23/02/2023 23/02/2023 Libro impreso